000 00537cam a22001697a 4500
008 180718b1983 xxu||||| |||| 00| 0 eng d
082 _aB5x42 R431
100 _aRiddell, Peter
245 _aThatcher government
_cby Peter Riddell
260 _aOxford
_bMartin Robertson
_c1983
300 _a262p.
500 _aBibl.p.247-51
650 _aGreat Britain --Politics and government --1979-1997.
650 _aGreat Britain --Social policy --1979
650 _aGreat Britain --Economic policy --1979-1997
650 _aThatcher, Margaret
999 _c352571
_d352571